| 000 -LEADER |
| fixed length control field |
01563nam a2200205Ia 4500 |
| 001 - CONTROL NUMBER |
| control field |
18095 |
| 003 - CONTROL NUMBER IDENTIFIER |
| control field |
GE_BSU |
| 008 - FIXED-LENGTH DATA ELEMENTS--GENERAL INFORMATION |
| fixed length control field |
181216s||||||||xx |||||||||||||| ||und|| |
| 040 ## - CATALOGING SOURCE |
| Transcribing agency |
GE_BSU |
| 080 ## - UNIVERSAL DECIMAL CLASSIFICATION NUMBER |
| Universal Decimal Classification number |
811.353.1(063) |
| 245 ## - TITLE STATEMENT |
| Title |
II საერთაშორისო სიმპოზიუმი "იბერიულ-კავკასიური ენათმეცნიერება: მემკვიდრეობა და პერსპექტივები |
| 245 ## - TITLE STATEMENT |
| Statement of responsibility, etc. |
მთ.რედ. ლ.აზმაიფარაშვილი |
| 260 ## - PUBLICATION, DISTRIBUTION, ETC. |
| Place of publication, distribution, etc. |
თბილისი |
| 300 ## - PHYSICAL DESCRIPTION |
| Extent |
524გვ.25სმ. |
| 520 ## - SUMMARY, ETC. |
| Summary, etc. |
ეძღვნება არნოლდ ჩიქობავას დაბადების 110 წლისთავს. ზესათ.: საქ. მეცნ. ეროვნ. აკად., ენათმეცნ. ინ-ტი, თსუ, საქ. განათლ. და მეცნ. სამინ.. პარალ სათ. რუს ენ. |
| 653 ## - INDEX TERM--UNCONTROLLED |
| Uncontrolled term |
II საერთაშორისო სიმპოზიუმი "იბერიულ-კავკასიური ენათმეცნიერება: მემკვიდრეობა და პერსპექტივები |
| 653 ## - INDEX TERM--UNCONTROLLED |
| Uncontrolled term |
ქართველური ენები; ქართული ენა; კავკასიური ენები; იბერიულ-კავკასიური ენათმეცნიერება |
| 942 ## - ADDED ENTRY ELEMENTS (KOHA) |
| Koha item type |
წიგნი |